000 00848nam a2200217Ia 4500
001 14093
003 GE_BSU
008 181216s||||||||xx |||||||||||||| ||und||
040 _cGE_BSU
080 _a821.353.1
100 _aერისთავი, რაფიელ
245 _aთხზულებანი. ტ.1. ლექსები
245 _bქრონოლოგიური ცნობები რაფ.ერისთავის ცხოვრებისა და მოღვაწეობის შესახებ
245 _cრედ.შ.რადიანი წინასიტყვ. და შენიშვნ.
260 _aტფილისი
260 _c1935
300 _a392გვ.21სმ.
300 _bფ.პორტრ.
653 _aთხზულებანი
942 _cBK
999 _c47233
_d47233